Sistema de facturación y control de inventario de la empresa Electro Muebles Carol S.A
Presenta un sistema de facturación y control de inventario de la empresa Electromuebles Carol S. A. Desarrolla el modelo de requerimientos en el giro del negocio de la empresa Electromuebles Carol S. A. con el fin de determinar las actividades principales de la empresa, los requerimientos funciona...
| Main Authors: | , , |
|---|---|
| Other Authors: | |
| Format: | Tesis Section = Libro |
| Language: | Undetermined Spanish |
| Published: |
Managua
UNI
2009
|
| Subjects: |
| LEADER | 01667nam a2200253Ia 4500 | ||
|---|---|---|---|
| 008 | 240830s9999 xx 000 0 und d | ||
| 040 | |a BIBLIOTECA-RUPAP T.Mon 025.04 J61 | ||
| 041 | |a spa | ||
| 082 | |a T.Mon 025.04 J61 | ||
| 100 | 1 | |a Jiménez Torres, Anthony Nemrod | |
| 100 | 1 | |b Larios Bravo, Emma. | |
| 100 | 1 | |c Morales Morales, María de los Ángeles | |
| 245 | 1 | 0 | |a Sistema de facturación y control de inventario de la empresa Electro Muebles Carol S.A |
| 260 | |a Managua |b UNI |c 2009 | ||
| 300 | |a 360 p. :il. | ||
| 502 | |a Tesis (Ingeniero de Sistemas)- UNI, 2009. | ||
| 520 | 3 | |a Presenta un sistema de facturación y control de inventario de la empresa Electromuebles Carol S. A. Desarrolla el modelo de requerimientos en el giro del negocio de la empresa Electromuebles Carol S. A. con el fin de determinar las actividades principales de la empresa, los requerimientos funcionales y no funcionales del sistema de facturación y control de inventario. Plantea un análisis modelado de los procesos principales a automatizar en el sistema, utilizando una serie de artefacto del lenguaje de Modelado Unificado UML que modele la funcionalidad del software. Describe un diseño del modelo del negocio de Electromuebles Carol, S. A. donde podrán observar el diagrama de clase, estados y las pantallas del prototipo del sistema. | |
| 650 | 7 | |a SISTEMA DE INFORMACIÓN AUTOMATIZADA - FACTURACIÓN - CONTROL DE INVENTARIO | |
| 650 | 7 | |b ORGANIZACIÓN DE LA INFORMACIÓN - FACTURACIÓN - INVENTARIO | |
| 650 | 7 | |c ANÁLISIS Y DISEÑO DE SISTEMAS | |
| 700 | 1 | |a Tutor: |b Membreño Gudiel, Yasser Ronald | |
| 942 | |c BK |2 ddc | ||
| 991 | |a TESIS | ||
| 999 | |c 18027 | ||